EA FC26 All Gold Czechia Players - Statistics

General Stats
  • This quiz has been taken 33 times
  • The average score is 7 of 16
Answer Stats
Rate Club Answer % Correct
85 Leverkusen Patrik Schick
96%
78 West Ham Tomas Soucek
96%
78 Wolves Ladislav Krejci
67%
75 Spurs Antonin Kinsky
59%
77 Hoffenheim Adam Hlozek
56%
77 Lyon Pavel Sulc
48%
76 Slavia Prague Tomas Holes
41%
75 Sampdoria Antonin Barak
37%
75 Slavia Prague Tomas Chory
37%
76 Slavia Prague Jindrich Stanek
33%
77 Besiktas Vaclav Cerny
33%
78 Slavia Prague Lukas Provod
30%
75 PSV Matej Kovar
30%
75 FC Cincinnati Pavel Bucha
19%
76 Slavia Prague Michal Sadilek
15%
75 Viktoria Plzen Martin Jedlicka
7%
No matching quizzes found
Score Distribution
Percent of People with Each Score
Percentile by Number Answered
Your Score History
You have not taken this quiz